Cordillera tales
| Format: | Book |
|---|---|
| Published: |
Quezon City :
New Day Publishers ,
1990
|
| Subjects: |
MARC
| LEADER | 00000cam a2200000 7i4500 | ||
|---|---|---|---|
| 001 | 0000003966 | ||
| 002 | 000004271 | ||
| 005 | 20070108.0 | ||
| 020 | |a 9711003791 | ||
| 090 | 0 | 0 | |a JF |b COR |
| 245 | 0 | 0 | |a Cordillera tales |c retold and illustrated by Maria Luisa B.Aguilar Carino |
| 260 | |a Quezon City : |b New Day Publishers , |c 1990 | ||
| 300 | |a 124 p. ; |c 22 cm. | ||
| 650 | 0 | 0 | |a Folktales |
| 999 | |a 035430 |b BUKU |c PINJAMAN |e PERPUSTAKAAN KOMUNITI PETALING JAYA | ||